000 00441nam a22001577a 4500
003 OSt
005 20140310182532.0
008 130813t xxu||||| |||| 00| 0 eng d
020 _a9780071632393
050 _aRG 527.5
_b.D675 2009
245 _aDonald School ultrasound in obstetrics and gynecology /
260 _aUSA :
_bJaypee/McGraw-Hill,
_cc2009.
300 _a593 p. :
_bcol. ill. ;
_c24 cm.
942 _2lcc
_cSSLC
999 _c14152
_d14152